Muddana: A Jewl among Kannada Poets (Record no. 224466)
[ view plain ]
| 000 -LEADER | |
|---|---|
| fixed length control field | 00727nam a22002417a 4500 |
| 005 - DATE AND TIME OF LATEST TRANSACTION | |
| control field | 20250227102950.0 |
| 008 - FIXED-LENGTH DATA ELEMENTS--GENERAL INFORMATION | |
| fixed length control field | 220824b ||||| |||| 00| 0 eng d |
| 020 ## - INTERNATIONAL STANDARD BOOK NUMBER | |
| International Standard Book Number | 9789392116223 |
| 040 ## - CATALOGING SOURCE | |
| Transcribing agency | AL |
| 041 ## - LANGUAGE CODE | |
| Language code of text/sound track or separate title | English |
| 082 ## - DEWEY DECIMAL CLASSIFICATION NUMBER | |
| Edition number | 23 |
| Classification number | 894.8 |
| Item number | BHAM |
| 100 ## - MAIN ENTRY--PERSONAL NAME | |
| Personal name | Padekallu Vishnu Bhatta |
| 100 ## - MAIN ENTRY--PERSONAL NAME | |
| 9 (RLIN) | 202771 |
| 245 ## - TITLE STATEMENT | |
| Title | Muddana: A Jewl among Kannada Poets |
| 260 ## - PUBLICATION, DISTRIBUTION, ETC. | |
| Place of publication, distribution, etc. | Mangaluru |
| Name of publisher, distributor, etc. | Aakrithi Aashaya Publications |
| Date of publication, distribution, etc. | 2021 |
| 300 ## - PHYSICAL DESCRIPTION | |
| Extent | 158 p. |
| Other physical details | PB |
| Dimensions | 21.4x14 cm. |
| 365 ## - TRADE PRICE | |
| Price amount | ₹150.00 |
| Currency code | ₹ |
| Unit of pricing | ₹150.00 |
| 650 ## - SUBJECT ADDED ENTRY--TOPICAL TERM | |
| Topical term or geographic name entry element | Kannada poets |
| 9 (RLIN) | 55256 |
| 650 ## - SUBJECT ADDED ENTRY--TOPICAL TERM | |
| Topical term or geographic name entry element | PADEKALLU VISHNUBHATTA |
| 9 (RLIN) | 202772 |
| 650 ## - SUBJECT ADDED ENTRY--TOPICAL TERM | |
| Topical term or geographic name entry element | Muddana |
| 9 (RLIN) | 55257 |
| 700 ## - ADDED ENTRY--PERSONAL NAME | |
| Personal name | BHATTA (Padekallu Vishnu) |
| 9 (RLIN) | 55258 |
| 700 ## - ADDED ENTRY--PERSONAL NAME | |
| Personal name | BHAT (N Thirumaleshwara) |
| 9 (RLIN) | 55259 |
| 942 ## - ADDED ENTRY ELEMENTS (KOHA) | |
| Source of classification or shelving scheme | Dewey Decimal Classification |
| Koha item type | Donated Books |
| Withdrawn status | Lost status | Source of classification or shelving scheme | Damaged status | Not for loan | Collection code | Home library | Current library | Date acquired | Total Checkouts | Full call number | Barcode | Date last seen | Cost, replacement price | Price effective from | Koha item type |
|---|---|---|---|---|---|---|---|---|---|---|---|---|---|---|---|
| Dewey Decimal Classification | Kannada | St Aloysius Library | St Aloysius Library | 08/23/2022 | 894.8 BHAM | D04821 | 08/24/2022 | 150.00 | 08/24/2022 | Donated Books |